000 00638nam a2200229Ia 4500
003 OSt
005 20220924125038.0
006 a|||||r|||| 00| 0
007 ta
008 220923b |||||||| |||| 00| 0 san d
024 _a77581
037 _cTextual
040 _aARTS
_cARTS
_bsan
041 _2san
_asan
082 _aR6941x5:1, 15J9;L7
100 _aJaini Padmanabh S
245 0 _aAbhidharmadipa
260 _aPatna
_bKashi Prasad Jayswal Research inst
_c1977
650 _aBUDDHISM - HINAYANA
_963760
942 _hR6941x5:1, 15J9;L7
_cTEXL
_2CC
999 _c421520
_d421520